000 00847nam a22002417a 4500
003 BCEG
005 20260318113743.0
008 260318s2022 mx |||||||||||||||||spa|d
040 _aBCEG
_bspa
_cBCEG
082 _a364.1540972
_bC581d
100 1 _aCitroni, Gabriela.
245 1 3 _aLa desaparición forzada en México
_b: una mirada desde los organismos del sistema de Naciones Unidas.
260 _aCiudad de México :
_bOficina en México de Alto Comisionado de las Naciones Unidas para los Derechos Humanos,
_c2022.
300 _a473 p.
_b: tabs.
541 _aDonación.
610 2 4 _aNaciones Unidas.
650 1 4 _aDesaparición de personas
_zMéxico.
650 1 4 _aViolencia
_zMéxico.
700 1 _aHazan, Luciano,
_ecoaut.
700 1 _aVilla Quintana, Carmen Rosa,
_ecoaut.
700 1 _aPeña Palacios, Jesús,
_eed.
942 _cBK
999 _c437110
_d437110